Glossary of French terms commonly appearing on maps & charts. (Record no. 37787)

MARC details
000 -LEADER
fixed length control field 00802cam a22002651 4500
001 - CONTROL NUMBER
control field map47000384
003 - CONTROL NUMBER IDENTIFIER
control field DLC
005 - DATE AND TIME OF LATEST TRANSACTION
control field 20260227111555.0
008 - FIXED-LENGTH DATA ELEMENTS--GENERAL INFORMATION
fixed length control field 760330s1942 dcu f000 0 eng
010 ## - LIBRARY OF CONGRESS CONTROL NUMBER
LC control number map47000384
035 ## - SYSTEM CONTROL NUMBER
System control number (OCoLC)2078796
040 ## - CATALOGING SOURCE
Original cataloging agency DLC
Transcribing agency GAT
Modifying agency DLC
041 0# - LANGUAGE CODE
Language code of text/sound track or separate title engfre
042 ## - AUTHENTICATION CODE
Authentication code premarc
050 00 - LIBRARY OF CONGRESS CALL NUMBER
Classification number G108.F7
Item number U5 1942
082 ## - DEWEY DECIMAL CLASSIFICATION NUMBER
Classification number 912
110 1# - MAIN ENTRY--CORPORATE NAME
Corporate name or jurisdiction name as entry element United States.
Subordinate unit Army Map Service.
245 00 - TITLE STATEMENT
Title Glossary of French terms commonly appearing on maps & charts.
250 ## - EDITION STATEMENT
Edition statement Provisional ed.
Remainder of edition statement Prepared under the direction of the Chief of Engineers.
260 ## - PUBLICATION, DISTRIBUTION, ETC.
Place of publication, distribution, etc. Washington,
Date of publication, distribution, etc. 1942.
300 ## - PHYSICAL DESCRIPTION
Extent 91 p.
Dimensions 20 cm.
650 #0 - SUBJECT ADDED ENTRY--TOPICAL TERM
Topical term or geographic name entry element Geography
Form subdivision Terminology.
650 #0 - SUBJECT ADDED ENTRY--TOPICAL TERM
Topical term or geographic name entry element French language
Form subdivision Dictionaries
General subdivision English.
650 #0 - SUBJECT ADDED ENTRY--TOPICAL TERM
Topical term or geographic name entry element English language
Form subdivision Dictionaries
General subdivision French.

No items available.

Powered by Koha